000 00197 a2200097 4500
020 _a9781580890984
041 _aspa
100 _aBowie, C.W.
245 _aLaboriosos deditos de los pies
942 _cBK
999 _c4149
_d4149